| 000 | 00458cam a2200193 4500 | ||
|---|---|---|---|
| 001 | B452 | ||
| 008 | 090401t1986 xxu||||| |||| 00| 0 eng d | ||
| 035 | _a(Sirsi) u35959 | ||
| 041 | _aeng | ||
| 050 | _a333.337 | ||
| 110 |
_aDron and Wright _91943 |
||
| 245 | _aRent & rates survey 1986 (of offices) | ||
| 260 |
_aLondon _bDron and Wright _c1986 |
||
| 300 | _a(8)p. ; 30cm. | ||
| 350 | _a13.5 | ||
| 650 | _aOFFICES | ||
| 942 | _n0 | ||
| 948 | _c04/03/1997 | ||
| 999 |
_c90167 _d90167 |
||